000 00562nam a2200169 a 4500
001 000015089
005 20250221073754.0
008 100201s2006 dr a 001 0 spa d
040 _aDO-SdBNP
_bspa
_cBNPHU
082 _axxx
_bC744d
110 1 _aRepública Dominicana.
_bOficina Nacional de Estadística
_95775
245 1 0 _aConceptos demográficos básicos definiciones y fórmulas.
260 _aSanto Domingo :
_bONE,
_c2006.
300 _a115 p. :
_bil. ;
_c21 cm.
710 1 _aRepública Dominicana.
_bOficina Nacional de Estadística
_95775
049 _aBNPD
999 _c14661
_d14661